000 00605nam a2200181 4500
001 122842
003 ES-MaACL
005 20251012173731.0
007 t|
008 070214s1965 sp r ||||0| spa d
100 1 _aPulaski, Mary Ann S.
_994362
245 1 0 _aPara comprender a Piaget
_b: una introducción al desarrollo cognitivo del niño /
_cMary Ann S. Pulaski ; traducción de Pablo Di Masso.
260 _aBarcelona :
_bPenínsula,
_c1975.
300 _a234 p :
_bil ;
_c19 cm.
700 1 _aMasso, Pablo di,
_d1948-
_9174328
852 _aES-MaACL
_jA-5693
_bR.93849
999 _c122842
_d122842